000 00309nam a22001337a 4500
020 _a978-81-7525-975-1
082 _a825
_bKUR/L
100 _aKURUP,K . NARAYANA
245 _aLADIES AND GENTLEMEN
260 _aERNAKULAM
_bVANITY PUBLISHERS
_c2009
300 _a412
650 _aSPEECHES
_zKERALA
942 _cBK
999 _c3657
_d3657